000 00246nam a22000857a 4500
008 240511b ||||| |||| 00| 0 eng d
100 _aRobert A. Siegel
245 _aWells, Fargo & Company, 1861 Pony Express Issues
650 _aWells, Fargo|Pony Express
999 _c3593
_d3593